000 00561nam a2200241 a 4500
001 nice12345678
003 IN_TiNIC
005 20260116011418.0
008 050524s1961 lona grp 000 0 eng
020 _a
_c576.2
082 0 0 _a296.3
_bSTE
100 _aStewart, Roy A
245 _aRabbinic Theology
260 _aLondon
_bOliver and Boyd
_c1961
300 _a202p
500 _aincludes index and biblioraphy
505 2 _aIndex
650 _aJudaism-Theology
700 1 _aStewart, Roy A
902 _bSRS
942 _cBK
999 _c1300
_d1300